000 00479nam a2200205Ia 4500
005 20240823013625.0
008 240823s9999||||xx |||||||||||||| ||und||
020 _a81-7319-426-2
041 _aENGLISH
082 _A574.191 P3
100 _aVasantha Pattabhi
245 0 _aBiophysics
250 _a1st
260 _c2003
_b"Narosa, New "
_aNew Delhi
500 _aTRANSFERED
650 _aBio Physics
_bPhysics
700 _a Gautham N
942 _cBK
999 _c167753
_d167753